• 首页
  • 本馆介绍
  • 公告通知
  • 最新文献
  • 馆藏检索
  • 电子资源
  • 读者导购
  • 参考咨询
  • 我的图书馆
  • 登录
  • 详细信息显示
  • 放入我的书架
  • 预约/预借图书
  • 作者相关作品
  • 分类相关作品
  • 丛书相关作品
  • 出版社相关作品

书目信息

  • 表格格式
  • 工作单格式
  • 卡片格式
题名:
电镀废水治理手册
    
 
作者: 涂锦葆 主编
分册:  
出版信息: 北京   机械工业出版社  1989.12
页数: 313页
开本: 26cm
丛书名:
单 册:
中图分类: X781
科图分类:
主题词: 无机化工--废物处理 , 无机化工--废物综合利用
电子资源:
ISBN: 7-111-01492-8
000 00650nam0 2200229 45
001 0189021852
005 20050104111402.8
010    @a7-111-01492-8@dCNY14.40
020    @aCN@b89021852
100    @a19910905d1989 k y0chiy0120 ea
101 0  @achi
102    @aCN@b110000
105    @ay g 000yy
200 10 @a电镀废水治理手册@Adian du fei shui zhi li shou ce@f涂锦葆主编@Ftu jin bao zhu bian
210    @a北京@c机械工业出版社@d1989.12
215    @a313页@d26cm
606 0  @a无机化工@x废物处理
606 0  @a无机化工@x废物综合利用
690    @aX781@v1980
701  0 @a涂锦葆@4主编
801  0 @aCN@bNLC@c19910905
905    @f1@b246855@dX781@e17
    
    电镀废水治理手册/涂锦葆主编.-北京:机械工业出版社,1989.12
    313页;26cm
    
    
    ISBN 7-111-01492-8:CNY14.40
    
●
相关链接 在E读中查询图书 在五车中查询图书 在当当中查询图书 在豆瓣中查询图书


正题名:电镀废水治理手册     索取号:X781/17         预约/预借

序号 登录号 条形码 馆藏地/架位号 状态 备注
1 0246853   001485725   第三借阅区/ [索取号:X781/17] 在馆    
2 0246854   202451284   第二样本阅览室/ [索取号:X781/17] 在馆    
3 0246855   001485976   第三借阅区/ [索取号:X781/17] 在馆    
欢迎您!
大连网信软件有限公司© 版权所有